IFM Opac

Stalin's Failure in China 1924 - 1927 (Record no. 16821)

MARC details
000 -LEADER
fixed length control field 00356nam a22001337a 4500
020 ## - INTERNATIONAL STANDARD BOOK NUMBER
International Standard Book Number 9780674833555
082 ## - DEWEY DECIMAL CLASSIFICATION NUMBER
Classification number 951.041 BRA
100 ## - MAIN ENTRY--PERSONAL NAME
Personal name Brandt, Conrad
245 ## - TITLE STATEMENT
Title Stalin's Failure in China 1924 - 1927
260 ## - PUBLICATION, DISTRIBUTION, ETC.
Place of publication, distribution, etc. Cambridge
Name of publisher, distributor, etc. Harvard University Press
Date of publication, distribution, etc. 1958
300 ## - PHYSICAL DESCRIPTION
Extent 226 p.
Other physical details 22 cm.
500 ## - GENERAL NOTE
General note Includes bibliography and index
942 ## - ADDED ENTRY ELEMENTS (KOHA)
Koha item type Books
Holdings
Withdrawn status Lost status Source of classification or shelving scheme Damaged status Not for loan Home library Current library Shelving location Date acquired Full call number Barcode Date last seen Price effective from Koha item type
    Dewey Decimal Classification     IFM Main Campus Library IFM Main Campus Library   10/05/2016 951.041 BRA 0000006227 10/05/2016 10/05/2016 Books